000 00739nas a2200253 4500
001 BR0706076
003 BR-BrBNA
005 20231205111226.0
007 ta
008 230509b bl.|||p| |||| 00| 00por d
040 _aBR-BrBNA
_bpor
_cBiblioteca Nacional de Agricultura
041 _a(Pt)
072 _aL40
100 1 _aBorelli, V.
100 1 _aFernandes Filho, A.
245 1 _aSobre a origem do ramus interventricularis subsinuosus em gatos
650 _aCORAÇÃO
650 _aVEIA
650 _aARTERIA
650 _aGATO
773 0 _tRevista da Faculdade de Medicina Veterinária (Brazil)
_xISSN 0301-7273
_g(1971), v. 8(3) p. 569-573
_wBR0706076
909 _a202311
_bLúcia
_c55
_dLúcia Elande
942 _2AGRIS
_n0
_cANA
999 _c191466
_d191466